[Event "FRA-chT"]
[Site "FRA"]
[Date "1991.??.??"]
[Round "?"]
[White "Dubois, Martine"]
[Black "Kientzler, Isabelle"]
[Result "1/2-1/2"]
[WhiteElo "2025"]
[BlackElo "2035"]

1.e4 c5 2.c3 Nf6 3.e5 Nd5 4.d4 cxd4 5.cxd4 Nc6 6.Nf3 e6 7.Nc3 Nxc3 8.bxc3 d6
9.Bd3 dxe5 10.Nxe5 Nxe5 11.dxe5 Qa5 12.O-O Qxe5 13.Re1 Qc7 14.Bb5+ Bd7 15.Bf4 Qc8
16.Bxd7+ Qxd7 17.Qf3 Bc5 18.Rab1 Qc6 19.Rxb7 Qxf3 20.gxf3 O-O 21.Be5 Rfd8
22.Reb1 Bb6 23.Kf1 Kf8 24.Bc7 Rd2 25.Ke1 Rxa2 26.Bxb6 axb6 27.R7xb6 R2a3
28.Rc1  1/2-1/2

[Event "FRA-chT"]
[Site "FRA"]
[Date "1991.??.??"]
[Round "?"]
[White "Berthelot, Yannick"]
[Black "Laclau, Daniel"]
[Result "0-1"]
[WhiteElo "2315"]
[BlackElo "2265"]

1.e4 c5 2.c3 Nf6 3.e5 Nd5 4.d4 cxd4 5.Nf3 e6 6.cxd4 b6 7.Nc3 Nxc3 8.bxc3 Qc7
9.Bd2 Be7 10.Bd3 Ba6 11.Bxa6 Nxa6 12.O-O Qc4 13.Ne1 O-O 14.Nc2 Rac8 15.Re1 Nc7
16.Re3 Nd5 17.Rg3 f5 18.Qh5 Rf7 19.Rh3 g6 20.Qf3 b5 21.Ne3 Nxe3 22.Qxe3 a6
23.Qe1 Qd5 24.Rd3 Rc4 25.Qb1 Ra4 26.Be1 Rf8 27.Rd1 Rc8 28.Qb3 Rcc4 29.a3 Qe4
30.Qb2 Qg4 31.f3 Qf4 32.Bd2 Qh4 33.Be1 Qh6 34.Bd2 Qf8 35.Bc1 Qd8 36.Ra2 Qa5
37.Rd3 Qc7 38.Ra1 Qc6 39.Ra2 Qd5 40.Ra1 Bf8 41.Ra2 Ra5 42.Qa1 Rca4 43.Kf2 Qb3
44.Ke3 Bxa3 45.Bxa3 Rxa3 46.Rxa3 Rxa3 47.Qe1 Qc2 48.d5 f4+  0-1

[Event "FRA-chT"]
[Site "FRA"]
[Date "1991.??.??"]
[Round "?"]
[White "Beikert, Juergen"]
[Black "Marciano, David"]
[Result "1/2-1/2"]
[WhiteElo "2250"]
[BlackElo "2310"]

1.e4 c5 2.c3 Nf6 3.e5 Nd5 4.d4 cxd4 5.cxd4 e6 6.Nc3 Nxc3 7.bxc3 d6 8.exd6 Bxd6
9.Bd3 Qc7 10.Bb2 Nd7 11.Nf3 Ba3 12.Qe2 Bxb2 13.Qxb2 O-O 14.O-O b6 15.Be4 Bb7
16.Bxb7 Qxb7 17.c4 Rac8 18.Rac1 Rc7 19.Qb5 Rfc8 20.Rfe1 Qc6 21.Qb4 h6 22.h3 Qb7
23.a4 Qa6 24.Nd2 Nb8 25.Qb5 Qb7 26.Rcd1 Rd8 27.Nf3 Qc6 28.Rc1 Rdc8 29.Nd2 Qd6
30.Nf3 Qd7 31.Qxd7 Rxd7 32.Red1 Nc6 33.d5 Rcd8 34.c5 bxc5 35.Rxc5 Ne7 36.d6 Nd5
37.Ra5 Rb7 38.Ra6 f6 39.Nd4 Kf7 40.Nb5 Rdd7 41.Rd4 Nb6 42.Rb4 Nd5 43.Rc4 e5
44.Kh2 Nb6 45.Rc7 Rdxc7 46.Nxc7 Nd7 47.Nb5 Ke6 48.Rxa7 Rxa7 49.Nxa7 Nc5 50.f4 Nxa4
51.Nb5 Nc5 52.Nc7+ Kd7 53.fxe5 fxe5 54.Kg3 Ne4+ 55.Kf3 Nxd6 56.Nd5 Nf5 57.g4 Nd6
58.h4 Nc4 59.Nc3 Ke6 60.Nb5 Nd6 61.Nc7+ Kd7 62.Nd5 Nb5 63.Ne3 g6 64.h5 gxh5
65.gxh5 Ke6 66.Ng4 Nd4+ 67.Ke4 Nf5 68.Nxe5 Ng3+ 69.Kf3 Kxe5  1/2-1/2

[Event "Arnold Cup"]
[Site "Gausdal"]
[Date "1991.??.??"]
[Round "6"]
[White "Christensen, Tobias"]
[Black "Formanek, Edward W"]
[Result "1-0"]
[WhiteElo "2300"]
[BlackElo "2290"]

1.e4 c5 2.c3 Nf6 3.e5 Nd5 4.d4 cxd4 5.Nf3 Nc6 6.Bc4 Nb6 7.Bb3 d5 8.exd6 Qxd6
9.Na3 a6 10.O-O dxc3 11.Ng5 Nd8 12.Qe2 e6 13.Rd1 Qc7 14.g3 Be7 15.Bf4 Qc6
16.Rac1 O-O 17.Rxc3 Qe8 18.Qd3 g6 19.Ne4 Nd5 20.Bxd5 exd5 21.Nd6 Qd7 22.Qxd5 Nc6
23.Nac4 Qh3 24.Nb6 Be6 25.Qg2 Qxg2+ 26.Kxg2 Rad8 27.Rcd3 g5 28.Be3 Nb4 29.R3d2 Bxa2
30.Nf5 Bf6 31.Nd7 Bh8 32.Nxf8 Rxf8 33.Bc5  1-0

[Event "Geneve op"]
[Site "Geneve"]
[Date "1991.??.??"]
[Round "4"]
[White "Hresc, Vladimir"]
[Black "Janjgava, Lasha"]
[Result "1/2-1/2"]
[WhiteElo "2365"]
[BlackElo "2495"]

1.e4 c5 2.c3 Nf6 3.e5 Nd5 4.d4 cxd4 5.Nf3 e6 6.cxd4 d6 7.a3 Nc6 8.Bd3 g6
9.O-O dxe5 10.dxe5 Bg7 11.Re1 O-O 12.Qe2 Bd7 13.Bd2 Nce7 14.Nc3 Nxc3 15.Bxc3 Nd5  1/2-1/2

[Event "BL2-SW9091"]
[Site "Germany"]
[Date "1991.??.??"]
[Round "?"]
[White "Thiel, Thomas"]
[Black "Rechel, Bernd"]
[Result "0-1"]
[WhiteElo "2220"]
[BlackElo "2350"]

1.e4 c5 2.c3 Nf6 3.e5 Nd5 4.d4 cxd4 5.Nf3 Nc6 6.Bc4 Nb6 7.Bb3 d6 8.exd6 Qxd6
9.O-O Be6 10.Bxe6 Qxe6 11.Nxd4 Nxd4 12.Qxd4 Qd7 13.Qh4 h5 14.h3 e6 15.Be3 Be7
16.Qg3 O-O-O 17.Nd2 Qd3 18.Nf3 Bd6 19.Qxg7 Bc7 20.Bg5 Rh7 21.Qf6 Nd5 22.Qd4 Qxd4
23.Nxd4 Rg8 24.Bh4 Nf4 25.g3 Nxh3+ 26.Kh2 Ng5 27.f4 Ne4 28.Rae1 Nc5 29.b4 Nd7
30.Nf3 Rhg7 31.c4 Re8 32.Re4 e5 33.fxe5 Nxe5 34.Nxe5 Rxe5 35.Rxe5 Bxe5 36.Rf5 Bc7
37.Rxh5 Rg4 38.Rh8+ Kd7 39.Rf8 Rxh4+ 40.Kg2 Rh7  0-1

[Event "BL2-W9091"]
[Site "Germany"]
[Date "1991.??.??"]
[Round "?"]
[White "Van Mil, Johannes A J"]
[Black "Rechmann, Peter"]
[Result "1-0"]
[WhiteElo "2430"]
[BlackElo "2355"]

1.e4 c5 2.c3 Nf6 3.e5 Nd5 4.d4 cxd4 5.Nf3 e6 6.cxd4 b6 7.Nc3 Nxc3 8.bxc3 Qc7
9.Be2 Qxc3+ 10.Bd2 Qa3 11.Rc1 Nc6 12.Rc3 Qe7 13.O-O Bb7 14.Bg5 f6 15.Bh4 O-O-O
16.exf6 gxf6 17.Qc1 Rg8 18.Bg3 Rxg3 19.hxg3 Qd6 20.Rd1 Kb8 21.d5 exd5 22.Nd4 Nxd4
23.Rxd4 Qe5 24.Qf4 Bh6 25.Qxe5+ fxe5 26.Rh4 d4 27.Rc2 Bf8 28.Bd3 h6 29.Re2 d6
30.f4 Re8 31.fxe5 dxe5 32.Kf1 Bg7 33.Rg4 Re7 34.Ke1 Rd7 35.Be4 Bxe4 36.Rexe4 Kb7
37.Rg6 Ka6 38.Kd2 Kb5 39.Reg4 Bf8 40.Re6 Kc4 41.Rxe5 Be7 42.Kc2 Bg5 43.Re8 Rc7
44.Rge4 Kd5+ 45.Kb3 Rc3+ 46.Kb4 Rxg3 47.R8e5+ Kd6 48.Kc4 Rxg2 49.Rd5+ Kc7
50.Rexd4 Rxa2 51.Rd7+ Kc8 52.Kb3 Ra1 53.Rh7 a5 54.Rdd7 Bd8 55.Ra7 Kb8 56.Rhb7+ Kc8
57.Kc4 Rc1+ 58.Kb5 Bc7 59.Ka6 Rc5 60.Ra8+ Kd7 61.Rh8 a4 62.Rh7+ Kc8 63.Rh8+ Bd8
64.Rxb6 a3 65.Rhxh6 a2 66.Rh1 Rc3 67.Ka7 Rc7+ 68.Ka8 Rg7 69.Rb8+ Kd7 70.Rd1+ Ke7
71.Rb7+ Kf6 72.Rf1+  1-0

[Event "Regionalliga NordN"]
[Site "Germany"]
[Date "1991.??.??"]
[Round "?"]
[White "Dreyer, Michael"]
[Black "Bach, Matthias"]
[Result "1-0"]
[WhiteElo "2215"]
[BlackElo "2300"]

1.e4 c5 2.c3 Nf6 3.e5 Nd5 4.d4 cxd4 5.cxd4 Nc6 6.Nf3 d6 7.Nc3 Nxc3 8.bxc3 d5
9.Bd3 g6 10.O-O Bg7 11.Ng5 h6 12.Nxf7 Kxf7 13.Qf3+ Kg8 14.Bxg6 Be6 15.Qh5 Qd7
16.h3 Rf8 17.g4 Bf7 18.Bxf7+ Rxf7 19.f4 e6 20.Ba3 Ne7 21.Rae1 Rh7 22.f5 Bf8
23.f6 Nc6 24.Qg6+ Kh8 25.Bc1 b5 26.Re2 b4 27.Rg2 bxc3 28.g5 Bc5 29.dxc5 Nxe5
30.Qb1 Qc8 31.g6 Rb7 32.f7 Rxb1 33.f8=Q+ Qxf8 34.Rxf8+ Kg7 35.gxh7+ Kxh7
36.Rf1 d4 37.Bf4 Nf3+ 38.Kf2 Rxf1+ 39.Kxf1 d3 40.Kf2 d2 41.Ke2 e5 42.Be3 Ne1
43.Rg1  1-0

[Event "Graz zt (Women)"]
[Site "Graz"]
[Date "1991.??.??"]
[Round "?"]
[White "Jahn, Constanze"]
[Black "Kas Fromm, Rita"]
[Result "1-0"]
[WhiteElo "2175"]
[BlackElo "2260"]

1.e4 c5 2.c3 Nf6 3.e5 Nd5 4.d4 cxd4 5.Nf3 Nc6 6.Bc4 Nb6 7.Bb3 d6 8.exd6 Qxd6
9.O-O Be6 10.Bxe6 Qxe6 11.Nxd4 Nxd4 12.Qxd4 Rd8 13.Qh4 Qe2 14.Bd2 h5 15.h3 e6
16.Re1 Qc4 17.Qg3 h4 18.Qf3 Qd5 19.Qg4 Nc4 20.Bf4 Nxb2 21.Bg5 Rd7 22.Nd2 Nd3
23.Red1 Bc5 24.Rf1 f6 25.Bxf6 gxf6 26.Qg6+ Rf7 27.Ne4 Qf5 28.Nxf6+ Qxf6 29.Qxd3 Bxf2+
30.Kh1 Rg8 31.Rad1 Qe7 32.Qe2 Bb6 33.Qb5+ Kf8 34.Rxf7+ Qxf7 35.Rf1 Bf2 36.Qe2 Ke7
37.Rxf2 Qg6 38.Qe5 Rd8 39.Qc5+ Rd6 40.Rd2 Qg3 41.Qc7+ Kf6  1-0

[Event "Graz zt (Women)"]
[Site "Graz"]
[Date "1991.??.??"]
[Round "?"]
[White "Jahn, Constanze"]
[Black "Weiss, Ursula"]
[Result "1-0"]
[WhiteElo "2175"]
[BlackElo "2055"]

1.e4 c5 2.c3 Nf6 3.e5 Nd5 4.d4 cxd4 5.Nf3 Nc6 6.Bc4 Nb6 7.Bb3 d6 8.exd6 Qxd6
9.O-O e6 10.cxd4 Be7 11.Nc3 O-O 12.Ne4 Qb8 13.Qe2 Nb4 14.Ne5 N4d5 15.f4 Nd7
16.Nxd7 Bxd7 17.f5 Bc6 18.fxe6 fxe6 19.Rxf8+ Qxf8 20.Ng5 Bxg5 21.Qxe6+ Kh8
22.Bxg5 Re8 23.Qg4 Ne3 24.Bxe3 Rxe3 25.Rf1 Qe8 26.Bf7 Qd8 27.d5 Bd7 28.Qf4 Re7
29.d6 Re2 30.Bh5 g5 31.Qd4+  1-0

[Event "Groningen op"]
[Site "Groningen"]
[Date "1991.??.??"]
[Round "4"]
[White "Blauert, Joerg"]
[Black "Kveinys, Aloyzas"]
[Result "0-1"]
[WhiteElo "2405"]
[BlackElo "2470"]

1.e4 c5 2.c3 Nf6 3.e5 Nd5 4.d4 cxd4 5.Nf3 Nc6 6.Bc4 Nb6 7.Bb3 d5 8.exd6 Qxd6
9.O-O Be6 10.Na3 dxc3 11.Qe2 Bxb3 12.Nb5 Qb8 13.axb3 e6 14.g3 Nd5 15.bxc3 Qc8
16.c4 Nc7 17.Bb2 a6 18.Bxg7 Rg8 19.Bxf8 Kxf8 20.Nd6 Qb8 21.Qe4 Rg7 22.Rad1 Ne8
23.c5 Nf6 24.Qh4 Ng8 25.Rfe1 Qd8 26.Qc4 Qf6 27.Kg2 Rb8 28.Nxb7 Qe7 29.Nd6 Qa7
30.Ra1 a5 31.Qc3 Nge7 32.Ra4 Nd5 33.Qc4 Qc7 34.Qc2 Ncb4 35.Qc4 Kg8 36.h4 Qd8
37.Raa1 Qf6 38.Rad1 Nf4+ 39.Kh2 Nbd5 40.Ng5 Rxg5 41.hxg5 Qxg5 42.Qe4 Rxb3
43.Rc1 Rb2 44.Rc2 Qh5+ 45.Kg1 Nh3+ 46.Kg2 Ng5 47.Rxb2 Nxe4 48.Rxe4 Nb4 49.Rc4 Qd5+
50.Kh2 Nc6 51.Rb6 Ne5 52.Rc3 Nf3+ 53.Kh3 Ng5+ 54.Kh2 Qd2 55.Rbb3 Qxf2+ 56.Kh1 a4
57.Rb7 a3  0-1

[Event "Hania op"]
[Site "Hania"]
[Date "1991.??.??"]
[Round "5"]
[White "Seitaj, Ilir"]
[Black "Kotronias, Vasilios"]
[Result "1/2-1/2"]
[WhiteElo "2395"]
[BlackElo "2520"]

1.e4 c5 2.c3 Nf6 3.e5 Nd5 4.d4 cxd4 5.Nf3 Nc6 6.cxd4 d6 7.Bc4 Nb6 8.Bb5 dxe5
9.Nxe5 Bd7 10.Nc3 e6 11.O-O Nxe5 12.dxe5 Bxb5 13.Nxb5 a6 14.Nd4 Rc8 15.Be3 Nd5
16.Qb3 Rc7 17.Rac1 Rd7 18.Bg5 Be7 19.Bxe7 Nxe7 20.Nf3 O-O 21.Rfd1 Nd5 22.Rd4 h6
23.h3 Qb8 24.a3 Rc8 25.Rxc8+ Qxc8 26.Rc4 Rc7 27.Rxc7 Qxc7 28.Qa4 Kf8 29.Qd4 Qc1+
30.Kh2 Ke7 31.g3 Kd7 32.Kg2 Kc7 33.Nd2 Qc6 34.Nc4 f5 35.exf6 gxf6 36.Kg1 e5
37.Qd1 f5 38.Nd2 e4 39.Nf1 f4 40.Qd4 Qe6 41.Qg7+ Kc6 42.gxf4 Nxf4 43.Qc3+ Kd7
44.Kh2  1/2-1/2

[Event "Hastings Challengers9192"]
[Site "Hastings"]
[Date "1991.??.??"]
[Round "?"]
[White "Motwani, Paul"]
[Black "Coleman, David"]
[Result "1-0"]
[WhiteElo "2440"]
[BlackElo "2265"]

1.e4 c5 2.c3 Nf6 3.e5 Nd5 4.d4 cxd4 5.Nf3 Nc6 6.Bc4 Nb6 7.Bb3 d5 8.exd6 dxc3
9.Nxc3 exd6 10.Ng5 d5 11.O-O Be7 12.Nxd5 Nxd5 13.Nxf7 Kxf7 14.Bxd5+ Kf8 15.Qh5 Qe8
16.Qf3+ Bf6 17.Bf4 Be6 18.Bd6+ Kf7 19.Rae1 Nd8 20.Bxe6+ Nxe6 21.Qxb7+ Be7
22.Rxe6 Kxe6 23.Bxe7 Kf7 24.Re1  1-0

[Event "Helsingborg-B"]
[Site "Helsingborg"]
[Date "1991.??.??"]
[Round "?"]
[White "Nilsson, A."]
[Black "Johansson, Victoria"]
[Result "1/2-1/2"]
[WhiteElo "2200"]
[BlackElo "2160"]

1.e4 c5 2.c3 Nf6 3.e5 Nd5 4.d4 cxd4 5.Nf3 e6 6.cxd4 Nc6 7.a3 a5 8.Bd3 a4
9.O-O Be7 10.Nc3 Nxc3 11.bxc3 Qa5 12.c4 d6 13.Qe2 dxe5 14.dxe5 Qc7 15.Bb2 b6
16.Bd4 Bb7 17.Be4 Rd8 18.Be3 Na5 19.Bxb7 Qxb7 20.Rab1 Nb3 21.Nd2 Nxd2 22.Bxd2 O-O
23.Bb4 Rd4 24.Bxe7 Qxe7 25.Rb4 Rfd8 26.Rxa4 b5 27.Rb4 bxc4 28.Rxc4 Rxc4 29.Qxc4 Qxa3  1/2-1/2

[Event "CUB-ch"]
[Site "Holguin"]
[Date "1991.??.??"]
[Round "7"]
[White "Larduet, Carlos"]
[Black "Guerra, Pablo"]
[Result "0-1"]
[WhiteElo "2315"]
[BlackElo "2335"]

1.e4 c5 2.c3 Nf6 3.e5 Nd5 4.d4 cxd4 5.Nf3 Nc6 6.Bc4 Nb6 7.Bb3 d6 8.e6 Bxe6
9.Bxe6 fxe6 10.cxd4 Qd7 11.h4 Nd5 12.h5 e5 13.dxe5 dxe5 14.Qe2 Qf5 15.Rh4 e6
16.g4 Bb4+ 17.Kf1 Qf7 18.a3 Be7 19.g5 O-O 20.Kg2 Qf5 21.Nc3 Nxc3 22.bxc3 Rad8
23.Re4 Bc5 24.Ra2 Bxf2 25.Kxf2 Qh3 26.Bf4 Rxf4 27.Rxf4 exf4 28.h6 Qf5 29.Rb2 b6
30.Rb5 Rd5 31.c4 Rxb5 32.cxb5 Ne7 33.Nd4 Qxg5 34.Qxe6+ Kh8 35.Nc6 Ng8 36.Ne5 Qg3+
37.Kf1 gxh6 38.Ng4 Qf3+ 39.Kg1 Qg3+ 40.Kf1 Qf3+ 41.Kg1 Qb7 42.Kf2 Qg7 43.Ne5 Qg3+
44.Kf1 f3 45.Ng4 Qg2+ 46.Ke1 Qg1+ 47.Kd2 Qd4+ 48.Ke1 h5 49.Qe5+ Qxe5+ 50.Nxe5 Kg7
51.Nc6 Kf7 52.Nxa7 Ne7 53.a4 Ke6 54.a5 bxa5 55.b6 Kd7 56.Kf2 a4 57.Kxf3 Nc6
58.b7 Nb8 59.Nb5 Kc6 60.Nc3 a3 61.Kf4 Kxb7 62.Kg5 Kb6 63.Kxh5 Kc5 64.Kh6 Kc4
65.Na2 Kb3 66.Nc1+ Kc2 67.Na2 Nc6  0-1

[Event "HUN-chT"]
[Site "HUN"]
[Date "1991.??.??"]
[Round "?"]
[White "Egedi, Istvan"]
[Black "Porubszky Angyalosine, Maria A"]
[Result "1-0"]
[WhiteElo "2315"]
[BlackElo "2175"]

1.e4 c5 2.c3 Nf6 3.e5 Nd5 4.d4 cxd4 5.Qxd4 e6 6.Nf3 Nc6 7.Qe4 d6 8.Nbd2 dxe5
9.Nxe5 Nxe5 10.Qxe5 Bd7 11.Bc4 Bc6 12.O-O Qf6 13.Nf3 Be7 14.Qg3 h6 15.Nd4 O-O
16.Nxc6 bxc6 17.Bd3 Rfd8 18.Bc2 Nb6 19.Bf4 Rd5 20.Be4 e5 21.Be3 Rdd8 22.f4 Nc4
23.fxe5 Qxe5 24.Qxe5 Nxe5 25.Bd4 Bf6 26.Rf5 Re8 27.Raf1 Rac8 28.Bc2 c5 29.Bf2 Re6
30.Rf4 Ra6 31.a3 Rd6 32.Bf5 Rc7 33.Ra4 Rd2 34.b4 cxb4 35.cxb4 Nc6 36.b5 Nd4
37.b6 Ne2+ 38.Kh1 axb6 39.Ra8+ Rd8 40.Rxd8+ Bxd8 41.Bxb6 Rc3 42.Bxd8 Rxa3
43.Bg4 Nd4 44.Bb6 Nc6 45.Rc1 Ne5 46.Bf5 g6 47.Bd4 Ra5 48.Re1 Rd5 49.Bxe5 gxf5
50.h4 Kh7 51.h5 f4 52.Kh2 f6 53.Bxf4 Rxh5+ 54.Kg3 Ra5 55.Bd2 Rd5 56.Re2 Kg6
57.Kf3 h5 58.Bf4 Kf5 59.g3 Rd3+ 60.Re3 Rd1 61.Ra3 Rf1+ 62.Kg2 Rb1 63.Be3 Rb4
64.Kf3 Rc4 65.Ra5+ Kg6 66.Rd5 Ra4 67.Bd4 Ra6 68.Kf4 Re6 69.Rd8 Re1 70.Rh8 Rf1+
71.Ke4 Re1+ 72.Be3 Rh1 73.Bf4 Rh3 74.Kf3 Rh2 75.Ke4 Re2+ 76.Be3 Rh2 77.Rh6+ Kg7
78.Bf4 Rh1 79.Kf5 Ra1 80.Rxf6 Ra5+  1-0

[Event "HUN-ch (Women)"]
[Site "HUN"]
[Date "1991.??.??"]
[Round "?"]
[White "Rajcsanyi, Zita"]
[Black "Medvegy, Nora"]
[Result "1-0"]
[WhiteElo "2100"]
[BlackElo "2185"]

1.e4 c5 2.c3 Nf6 3.e5 Nd5 4.d4 cxd4 5.Nf3 Nc6 6.Bc4 Nb6 7.Bb3 e6 8.cxd4 d6
9.O-O Be7 10.Nc3 O-O 11.Be3 dxe5 12.dxe5 Qxd1 13.Rfxd1 Nd7 14.Nb5 Ndxe5 15.Nxe5 Nxe5
16.Nc7 Rb8 17.Bxa7 Bd7 18.Bxb8 Rxb8 19.f4 Rc8 20.Rac1 Bd8 21.fxe5 Bxc7 22.Rxc7 Rxc7
23.Ba4 g5 24.Rxd7  1-0

[Event "Karlsruhe Elo"]
[Site "Karlsruhe"]
[Date "1991.??.??"]
[Round "6"]
[White "Letreguilly, Olivier"]
[Black "Farago, Sandor"]
[Result "1/2-1/2"]
[WhiteElo "2240"]
[BlackElo "2410"]

1.e4 c5 2.c3 Nf6 3.e5 Nd5 4.d4 cxd4 5.cxd4 e6 6.Nf3 Nc6 7.Be2 d6 8.O-O Be7
9.Re1 dxe5 10.dxe5 Bb4 11.Bd2 Bc5 12.Nc3 Nxc3 13.Bxc3 Qb6 14.Rf1 O-O 15.Bd3 Be7
16.Qe2 Nb4 17.Bxb4 Qxb4 18.Rad1 Qb6 19.h4 Rd8 20.Nh2 Bd7 21.Qe4 g6 22.Ng4 Be8
23.Bc2 h5 24.Ne3 Qb4 25.Qxb4 Bxb4 26.Be4 Be7 27.g3 Rac8 28.Rxd8 Bxd8 29.Rd1 Be7
30.Kg2 b5 31.Kf3 Rc5 32.Kf4 a5 33.Rd2 a4 34.a3 Kg7 35.Rc2 Bd7 36.Rxc5 Bxc5
37.Bb7 Bd4 38.Nd1 Kf8 39.Ke4 Bc5 40.Kd3 Ke7 41.f4 Kd8 42.Nc3 Kc7 43.Bf3 Kb6
44.g4 hxg4 45.Bxg4 Bf8 46.Nd1 Bh6 47.Ke3 Kc5 48.Nf2 Kc4 49.Bd1 Bf8 50.Ne4 Be7
51.Nd2+ Kd5 52.h5 gxh5 53.Bxh5 Be8 54.Ne4 Kc4 55.Nd6+ Bxd6 56.exd6 Kc5 57.Bxf7 Bd7  1/2-1/2

[Event "JUG-ch"]
[Site "Kladovo"]
[Date "1991.??.??"]
[Round "9"]
[White "Karaklajic, Nikola"]
[Black "Panzalovic, Srdjan"]
[Result "1/2-1/2"]
[WhiteElo "2375"]
[BlackElo "2410"]

1.e4 c5 2.c3 Nf6 3.e5 Nd5 4.d4 cxd4 5.Nf3 e6 6.cxd4 b6 7.Bc4 Bb7 8.O-O Be7
9.a3 O-O 10.Qd3 d6 11.Re1 dxe5 12.Nxe5 Nd7 13.Bb3 Nxe5 14.dxe5 Bc5 15.Bc2 Qh4
16.Qg3 Qxg3 17.hxg3 Rfd8 18.Nd2 Rac8 19.Be4 Ba6 20.Nf3 f5 21.exf6 Nxf6 22.Bg5 h6
23.Bxf6 gxf6 24.g4 Kf7 25.Rad1 Bc4 26.b4 Be7 27.Bb7 Rxd1 28.Rxd1 Rc7 29.Rc1 b5
30.Be4 Rd7 31.g3 a5 32.bxa5 Bxa3 33.Rc2 Ra7 34.Nd2 Rxa5 35.Nxc4 bxc4 36.Rxc4  1/2-1/2

[Event "JUG-ch"]
[Site "Kladovo"]
[Date "1991.??.??"]
[Round "9"]
[White "Vlahovic, Svetozar"]
[Black "Sarlamanov, D."]
[Result "1/2-1/2"]
[WhiteElo "2275"]
[BlackElo "2270"]

1.e4 c5 2.c3 Nf6 3.e5 Nd5 4.Bc4 Nb6 5.Bb3 Nc6 6.Nf3 d5 7.d4 cxd4 8.cxd4 Bg4
9.Nc3 e6 10.Be3 Be7 11.O-O O-O 12.h3 Bh5 13.g4 Bg6 14.Ne2 a5 15.a4 Nb4 16.Nf4 Rc8
17.Nxg6 hxg6 18.g5 Nc4 19.Bc1 f5 20.gxf6 gxf6 21.Kh1 f5 22.Rg1 Kf7 23.Ng5+ Bxg5
24.Bxg5 Qb6 25.Bf6 Rg8 26.Rc1 Qc7 27.Qf3 Ke8 28.h4 Qh7 29.Qe2 Rc6 30.Rc3 g5
31.Rh3 g4 32.Rc3 Rg6 33.Rg2 Nd6 34.Rh2 Ne4 35.Qb5 Nxf6 36.exf6 Rh6 37.Qxa5 Rxc3
38.bxc3 Nc6 39.Qa8+ Nd8 40.a5 Qc7 41.Ba4+ Kf7 42.a6 bxa6 43.Qxa6 Kxf6 44.Qd3 Nf7
45.Be8 Qc4 46.Qxc4 dxc4 47.Bxf7 Kxf7 48.f4 gxf3 49.Kg1 Rg6+ 50.Kf2 Rg2+ 51.Rxg2 fxg2
52.Kxg2 Kg6 53.Kf3 Kh6 54.Kf2  1/2-1/2

[Event "JUG-ch"]
[Site "Kladovo"]
[Date "1991.??.??"]
[Round "11"]
[White "Popov, Sinisa"]
[Black "Sarlamanov, D."]
[Result "1/2-1/2"]
[WhiteElo "2305"]
[BlackElo "2270"]

1.e4 c5 2.c3 Nf6 3.e5 Nd5 4.d4 cxd4 5.Nf3 Nc6 6.Bc4 Nb6 7.Bb3 d5 8.exd6 Qxd6
9.O-O Be6 10.Bxe6 Qxe6 11.Nxd4 Nxd4 12.Qxd4 Rd8 13.Qh4 Qc4 14.Qxc4 Nxc4 15.b3 Nd6
16.c4 e6 17.Nc3 Be7 18.Be3 b6 19.Rfd1 O-O 20.Rd3 Nf5 21.Rad1 Nxe3 22.fxe3 Rxd3
23.Rxd3 Rd8 24.Rxd8+ Bxd8 25.Kf2 Kf8 26.Ke2 Ke7 27.Kd3 a6 28.c5 Kd7 29.Na4 b5
30.Nc3 Kc6 31.b4 Bc7 32.h3 Be5 33.Ne2 Bf6 34.Nd4+ Kc7 35.Ke4 h6 36.Kd3 Bh4
37.Nf3 Bf6 38.Kc2 Kc6 39.Kd3 Kc7 40.Nd2 Kc6 41.Ne4 Be5 42.Nc3 Bg3 43.Kc2 Bf2
44.Kd3 Bg3 45.e4 Be5 46.Ne2 Kc7 47.Nd4 Bf4 48.g4 Bc1 49.Kc2 Bf4 50.Kb3 Be5
51.Ne2 Kc6 52.Kc2 Kc7 53.Nc3 Bxc3 54.Kxc3 e5  1/2-1/2

[Event "JUG-ch"]
[Site "Kladovo"]
[Date "1991.??.??"]
[Round "12"]
[White "Karaklajic, Nikola"]
[Black "Tesic, Dragan"]
[Result "1/2-1/2"]
[WhiteElo "2375"]
[BlackElo "2265"]

1.e4 c5 2.c3 Nf6 3.e5 Nd5 4.d4 cxd4 5.Nf3 d6 6.cxd4 Nc6 7.Bc4 Nb6 8.Bb5 a6
9.Bxc6+ bxc6 10.Nc3 Bg4 11.h3 Bxf3 12.Qxf3 d5 13.e6 fxe6 14.Bf4 Nd7 15.Qe3 e5
16.Bxe5 Nxe5 17.Qxe5 Qd6 18.Qxd6 exd6  1/2-1/2

[Event "Kobanya op"]
[Site "Kobanya"]
[Date "1991.??.??"]
[Round "3"]
[White "Dovzik, Juri"]
[Black "Utasi, Tamas"]
[Result "1/2-1/2"]
[WhiteElo "2435"]
[BlackElo "2345"]

1.e4 c5 2.c3 Nf6 3.e5 Nd5 4.d4 cxd4 5.Nf3 d6 6.exd6 Qxd6 7.cxd4 Nc6 8.Nc3 Bg4
9.Be2 e6 10.O-O Be7 11.Qb3 O-O 12.Be3 Rac8 13.Rac1 Rfd8 14.Rfd1 Qb4 15.Nxd5 exd5
16.Qxb4 Bxb4 17.h3 Bh5 18.a3 Ba5 19.Kf1 f6 20.Ng1 Bxe2+ 21.Kxe2 Kf7 22.Kd3 Ne7
23.Ne2 Rxc1 24.Rxc1 Rc8 25.Rxc8 Nxc8 26.Bf4 Bb6 27.Bb8 Ne7 28.Bd6 Nc6 29.b4 a6
30.g4 g6 31.f3 Ke6 32.Bg3 Ne7 33.a4 Kd7 34.Kc3 Nc6 35.h4 Ba7 36.b5 axb5 37.axb5 Ne7
38.Nc1 Nc8 39.Nb3 Nd6 40.Kb4 b6 41.Nd2 Bb8 42.h5 gxh5 43.gxh5 Bc7 44.Nf1 Ke6
45.Bh2 Bd8 46.Bxd6 Kxd6 47.Ne3 Ke6 48.Kc3 f5 49.f4 Bh4 50.Nf1 Be7 51.Kd3 Ba3
52.Ng3 Kf6 53.Ne2 Bb4 54.Ke3 Kg7 55.Ng3 Kf6 56.Kf3 Be1 57.Nf1 Bc3 58.Ke3 Be1
59.Nh2 Kg7 60.Nf3 Ba5 61.Ng5 Kh6 62.Ne6 Kxh5 63.Nc7 Kg6 64.Nxd5 Kf7 65.Kf3 Ke6
66.Ne3 Bc3 67.d5+ Kd6 68.Nxf5+ Kxd5 69.Ne7+ Kc5 70.Nc8  1/2-1/2

[Event "Kobanya op"]
[Site "Kobanya"]
[Date "1991.??.??"]
[Round "4"]
[White "Rovid, Kalman"]
[Black "Mate, Laszlo"]
[Result "1/2-1/2"]
[WhiteElo "2290"]
[BlackElo "2245"]

1.e4 c5 2.c3 Nf6 3.e5 Nd5 4.d4 cxd4 5.Nf3 Nc6 6.cxd4 d6 7.Bc4 Nb6 8.Bb5 dxe5
9.Nxe5 Bd7 10.Bxc6 Bxc6 11.Nxc6 bxc6 12.O-O e6 13.Qg4 Qf6 14.Nc3 Be7 15.Be3 Qg6
16.Qxg6 hxg6 17.Rac1 Kd7 18.Ne4 Nd5 19.Nd2  1/2-1/2

[Event "Kobanya op"]
[Site "Kobanya"]
[Date "1991.??.??"]
[Round "4"]
[White "Boricsev, Oleg"]
[Black "Berebora, Ferenc"]
[Result "1/2-1/2"]
[WhiteElo "2270"]
[BlackElo "2310"]

1.e4 c5 2.c3 Nf6 3.e5 Nd5 4.d4 cxd4 5.Nf3 Nc6 6.Bc4 Nb6 7.Bb3 d6 8.exd6 e6
9.Nxd4 Qxd6 10.O-O Be7 11.Be3 O-O 12.Qh5 Bf6 13.Nb5 Qb8 14.Nd2 Nd7 15.Ne4 Be7
16.f4 a6 17.Nd4 Nf6 18.Nxf6+ Bxf6 19.Nxc6 bxc6 20.Rad1 a5 21.Bc5 Re8 22.f5 Qb5
23.fxe6 Bxe6 24.Rxf6 Bxb3 25.axb3 gxf6 26.Qg4+ Kh8 27.Bd4 Re6 28.Rf1 Rg8
29.Qh4 Rg6 30.Bxf6+ Kg8 31.Bd4 Qd5 32.Qh3 c5 33.Bf2 f5 34.Bg3 Rg4 35.Qh5 Re2
36.Qh3 Rxb2 37.Re1 Re4 38.Rf1 Rg4 39.Re1 Re4 40.Rf1 Ree2 41.Bf2 Rxb3 42.Qg3+ Kh8
43.Qc7 a4 44.c4 Qe4 45.Qxc5 Kg8 46.Qc8+ Kg7 47.Qd7+ Kg6 48.Qd6+ Kh5 49.Qd7 Rb7
50.Qd1 Rg7 51.g3 Kg4 52.Qd6 h5 53.Ra1 Kh3 54.Qd5 Rd7 55.Qxe4 fxe4 56.g4 e3
57.Bg3 h4 58.Be5 Rdd2 59.c5 Rg2+ 60.Kh1 e2 61.Ra3+ Kxg4 62.Re3 h3  1/2-1/2

[Event "Kobanya op"]
[Site "Kobanya"]
[Date "1991.??.??"]
[Round "7"]
[White "Honos, Attila"]
[Black "Kozlov, Vladimir N"]
[Result "1/2-1/2"]
[WhiteElo "2300"]
[BlackElo "2360"]

1.e4 c5 2.c3 Nf6 3.e5 Nd5 4.d4 cxd4 5.Nf3 Nc6 6.cxd4 d6 7.Bc4 e6 8.O-O Be7
9.Be2 O-O 10.Nc3 Nb6 11.Bb5 Bd7 12.Bf4 dxe5 13.dxe5 a6 14.Bd3 Nb4 15.Be4 Bc6
16.Bxc6 Qxd1 17.Rfxd1 Nxc6 18.Nd4 Nb4 19.Be3 N4d5 20.Nf5 Rfe8 21.Bxb6 Nxb6
22.Nxe7+ Rxe7 23.f4 Rc8 24.Rd4 Kf8 25.Rad1 Rec7 26.Rb4 Rc6 27.a4 R8c7 28.Rd6 Rxd6
29.exd6 Rc6 30.Ne4 f5 31.Nc5 Rxc5 32.Rxb6 Rd5 33.b4 h6 34.h4 g6 35.Kf2 Ke8
36.g3 Kd8 37.Rxb7 Rxd6 38.Rg7 Rb6 39.Rxg6 Ke7 40.b5 axb5 41.axb5 Kf7 42.Rxh6 Rxb5
43.Kg2 e5 44.fxe5 Rxe5 45.Kf3 Re4 46.Ra6 Rb4 47.Rd6 Ra4 48.Ke3 Rg4 49.Kf3 Ra4
50.h5 Kg7 51.Rg6+ Kf7 52.Rg5 Kf6 53.Rg8 Kf7 54.Rc8 Kf6 55.Rc6+ Kg5 56.h6 Ra3+
57.Kg2 Ra2+ 58.Kh3 Ra1  1/2-1/2

[Event "Krasnodar"]
[Site "Krasnodar"]
[Date "1991.??.??"]
[Round "?"]
[White "Vorotnikov, Vladislav V"]
[Black "Obukhov, Alexander"]
[Result "0-1"]
[WhiteElo "2430"]
[BlackElo "2265"]

1.e4 c5 2.c3 Nf6 3.e5 Nd5 4.d4 cxd4 5.Qxd4 e6 6.Nf3 Nc6 7.Qe4 Nde7 8.Bf4 Ng6
9.Bg3 Qb6 10.b4 a5 11.b5 Nce7 12.Bd3 Nf5 13.Nbd2 Bc5 14.Rb1 Nxg3 15.fxg3 Qd8
16.Nb3 Bb6 17.a4 d6 18.exd6 Qxd6 19.Rf1 f5 20.Qe2 O-O 21.Bc4 Kh8 22.Rd1 Qc7
23.Kd2 Bd7 24.Kc2 Rac8 25.Nbd2 e5 26.Ng5 h6 27.Rde1 e4 28.Rf4 Nxf4 29.gxf4 e3
30.Qh5 Be8  0-1

[Event "Krumbach op"]
[Site "Krumbach"]
[Date "1991.??.??"]
[Round "1"]
[White "Blauert, Joerg"]
[Black "Hertel, Peter"]
[Result "1/2-1/2"]
[WhiteElo "2395"]
[BlackElo "2230"]

1.e4 c5 2.c3 Nf6 3.e5 Nd5 4.d4 cxd4 5.Nf3 Nc6 6.Bc4 Nb6 7.Bb3 d6 8.exd6 Qxd6
9.O-O Bf5 10.Nxd4 Nxd4 11.cxd4 e6 12.Nc3 Be7 13.Qf3 Qd7 14.Bf4 O-O 15.Rad1 Bf6
16.Be5 Bxe5 17.dxe5 Qc6 18.Qxc6 bxc6 19.Rd6 Rfc8 20.Rc1 Rab8 21.f3 a5 22.Rcd1 h6
23.R1d2 c5 24.Kf2 c4 25.Bd1 Rc5 26.f4 Nd5 27.Nxd5 exd5 28.Bf3 Be6 29.g4 g6
30.f5 gxf5 31.gxf5 Bxf5 32.Bxd5 Rcb5 33.Bxc4 Rxb2 34.Rxb2 Rxb2+ 35.Kg3 Be6
36.Bxe6 fxe6 37.Rxe6 Kg7 38.h4 Rxa2 39.Kg4 Rg2+ 40.Kf5 Rf2+ 41.Ke4 Rh2 42.Ra6 Rxh4+
43.Kf5 Rb4 44.Ke6 Kg6 45.Kd7+ Kg5 46.e6 h5 47.e7 Rd4+ 48.Rd6 Re4 49.Rd5+  1/2-1/2